Central Library OPAC University of Rajshahi

The non-directive approach in group and community work / (Record no. 35277)

MARC details
000 -LEADER
fixed length control field 00878nam a22002771 4500
001 - CONTROL NUMBER
control field 35277
003 - CONTROL NUMBER IDENTIFIER
rucl marc code BD-RjUL
005 - DATE AND TIME OF LATEST TRANSACTION
control field 20211209052306.0
008 - FIXED-LENGTH DATA ELEMENTS--GENERAL INFORMATION
fixed length control field 140522s1967 enk b 000 0 eng d
035 ## - SYSTEM CONTROL NUMBER
System control number (BD-RjUL)35371
System control number (OCoLC)2049693
040 ## - CATALOGING SOURCE
Original cataloging agency DLC
Transcribing agency RUn
Modifying agency OClW-H
-- OCoLC
-- Uk
-- DLC
-- BD-RjUL
Language of cataloging eng
041 ## - LANGUAGE CODE
Language code of text/sound track or separate title eng
082 04 - DEWEY DECIMAL CLASSIFICATION NUMBER
Classification number 361.4
Author mark and year BAN 1967
100 1# - MAIN ENTRY--PERSONAL NAME
Personal name Batten, T. R.
Fuller form of name (Thomas Reginald)
9 (RLIN) 8801
245 14 - TITLE STATEMENT
Title The non-directive approach in group and community work /
Statement of responsibility, etc. by T.R. Batten with the collaboration of Madge Batten.
260 ## - PUBLICATION, DISTRIBUTION, ETC. (IMPRINT)
Place of publication, distribution, etc. London :
Name of publisher, distributor, etc. Oxford U.P.,
Date of publication, distribution, etc. 1967.
300 ## - PHYSICAL DESCRIPTION
Pagination ix, 148 p. ;
Size 22 cm.
504 ## - BIBLIOGRAPHY, ETC. NOTE
Bibliography, etc Includes bibliographical references.
650 #0 - SUBJECT ADDED ENTRY--TOPICAL TERM
Topical term or geographic name as entry element Community organization.
9 (RLIN) 107471
Topical term or geographic name as entry element Social group work.
9 (RLIN) 16781
700 1# - ADDED ENTRY--PERSONAL NAME
Personal name Batten, Madge.
942 ## - ADDED ENTRY ELEMENTS (KOHA)
Source of classification or shelving scheme Dewey Decimal Classification
Koha item type Books
Holdings
Lost status Source of classification or shelving scheme Damaged status Not for loan Collection code Permanent Location Current Location Shelving location Date acquired Source of acquisition Cost, normal purchase price Total Checkouts Full call number Date last seen Copy number Koha item type
  Dewey Decimal Classification   Not For Loan Non-fiction Central Library, University of Rajshahi Central Library, University of Rajshahi Reading Room 23/11/1968 Zeitlinger 18.00   361.4 BAN 1967 22/05/2014 C-1 Books
  Dewey Decimal Classification     Non-fiction Central Library, University of Rajshahi Central Library, University of Rajshahi   23/11/1968 Zeitlinger 18.00   361.4 BAN 1967 22/05/2014 C-2 Books